[Event "AUTO-OPEN-285"]
[Site "http://www.queenalice.com/game.php?id=74187"]
[Date "2006.6.3"]
[Round "1"]
[White "dilucia"]
[Black "srotaner"]
[Result "1-0"]
[WhiteElo "1706"]
[BlackElo "1374"]

1. d4 e5 2. dxe5 Nc6 3. Nf3 Bb4+ 4. c3 Bc5 5. Bg5 f6 6. exf6 Nxf6 7. e3 d5 8.
Nbd2 Bg4 9. Be2 Qe7 10. Nb3 O-O-O 11. Nxc5 Qxc5 12. Bxf6 gxf6 13. Nd4 Bxe2 14.
Qxe2 Rhe8 15. Qg4+ Rd7 16. Nxc6 Qxc6 17. O-O-O Re4 18. Qg8+ Rd8 19. Qxh7 Qb5 20.
Qf5+ Rd7 21. Qxf6 Qe2 22. Qf8+ Rd8 23. Qf5+ Kb8 24. Qxe4 1-0

[Event "AUTO-OPEN-285"]
[Site "http://www.queenalice.com/game.php?id=74188"]
[Date "2006.6.3"]
[Round "1"]
[White "srotaner"]
[Black "dilucia"]
[Result "0-1"]
[WhiteElo "1367"]
[BlackElo "1715"]

1. e4 e5 2. Nf3 Nc6 3. Nc3 Bc5 4. d3 Nf6 5. Bg5 O-O 6. Nd5 Be7 7. Nxe7+ Qxe7 8.
d4 Qb4+ 9. c3 Qxb2 10. Qc1 Qxc1+ 11. Rxc1 Nxe4 12. Nxe5 Nxg5 13. Bc4 Nxe5 14.
dxe5 Re8 15. f4 Ne4 16. O-O Nd2 17. Rfe1 Nxc4 18. Rc2 d6 19. Rce2 Be6 20. Re4
dxe5 21. fxe5 Rad8 22. Rb1 Nd2 23. Rbb4 c5 24. Rxb7 Nxe4 25. Rxa7 Rd1# 0-1

[Event "AUTO-OPEN-285"]
[Site "http://www.queenalice.com/game.php?id=74208"]
[Date "2006.6.3"]
[Round "1"]
[White "ggteste1"]
[Black "srotaner"]
[Result "1-0"]
[WhiteElo "1551"]
[BlackElo "1398"]

1. e4 e5 2. f4 d6 3. d3 Nf6 4. Nf3 Nc6 5. Nc3 Bg4 6. Be2 exf4 7. O-O Qd7 8. Bxf4
d5 9. e5 Bxf3 10. Bxf3 Ng8 11. Bxd5 Bc5+ 12. Kh1 O-O-O 13. Bxc6 Qxc6 14. Qg4+
Qe6 15. Qxg7 Nh6 16. Bxh6 Rdg8 17. Qxf7 Qxf7 18. Rxf7 Rg6 19. Nd5 c6 20. Bg7 Rg8
21. Ne7+ Bxe7 22. Rxe7 R6xg7 23. Rxg7 Rxg7 24. Rf1 Kd7 25. d4 Ke6 26. Rf6+ Kd7
27. e6+ Ke7 28. Rh6 b5 29. h4 Kd6 30. Rf6 Re7 31. g4 Rxe6 32. Rxe6+ Kxe6 33. Kg2
Kd5 34. Kf3 Kxd4 35. Kf4 a5 36. g5 b4 37. b3 Kc3 38. Kf5 Kxc2 39. h5 Kb2 40. g6
hxg6+ 41. hxg6 Kxa2 42. g7 Kxb3 43. g8=Q+ Ka3 44. Qf8 a4 45. Ke4 Kb3 46. Qf1 a3
47. Qd1+ Kb2 48. Kd3 a2 49. Qc2+ Ka3 50. Kc4 b3 51. Qxb3# 1-0

[Event "Challenge"]
[Site "http://www.queenalice.com/game.php?id=75384"]
[Date "2006.6.9"]
[Round "-"]
[White "lclassance"]
[Black "srotaner"]
[Result "1-0"]
[WhiteElo "1576"]
[BlackElo "1387"]

1. d4 e5 2. a3 Nc6 3. dxe5 d6 4. exd6 Nf6 5. h3 Bxd6 6. Nf3 O-O 7. e3 Re8 8. Bc4
Be6 9. Bxe6 Rxe6 10. O-O Ne4 11. Nc3 Nxc3 12. bxc3 Qf6 13. Nd4 Qe5 14. f4 Qc5
15. Nxe6 fxe6 16. Qd3 e5 17. Qf5 exf4 18. Qxc5 Bxc5 19. Rxf4 Ne7 20. Rb1 Nd5 21.
Rf5 Bxe3+ 22. Bxe3 Nxe3 23. Re5 Nxc2 24. Rxb7 Nxa3 25. Rxc7 a5 26. Ree7 a4 27.
Rxg7+ Kf8 28. Rxh7 Nb5 29. Rh8# 1-0

[Event "Challenge"]
[Site "http://www.queenalice.com/game.php?id=76728"]
[Date "2006.6.15"]
[Round "-"]
[White "srotaner"]
[Black "lclassance"]
[Result "0-1"]
[WhiteElo "1335"]
[BlackElo "1584"]

1. e4 d5 2. f3 dxe4 3. fxe4 e5 4. Bc4 Qe7 5. d4 Nf6 6. Bg5 Qb4+ 7. Qd2 Qxc4 8.
Ne2 Nxe4 9. Qd3 Qxd3 10. cxd3 Nxg5 11. dxe5 Bb4+ 12. Kf1 O-O 13. a3 Be7 14. Nbc3
f6 15. Nd5 fxe5+ 16. Ke1 Bd6 17. Ng3 Bf5 18. Kd2 Nc6 19. Rhf1 g6 20. Ne3 Nd4 21.
Rae1 e4 22. dxe4 Nxe4+ 23. Nxe4 Bxe4 24. Kc3 Rxf1 25. Nxf1 Nb5+ 26. Kc4 Bc6 27.
Ne3 a5 28. Nd5 Kf7 29. Re4 Re8 30. Rf4+ Bxf4 31. Nxf4 Re4+ 32. Kc5 Rxf4 33. b4
Rf5+ 34. Kc4 Nxa3+ 35. Kb3 Nb1 36. bxa5 Rxa5 37. Kb4 Rb5+ 38. Kc4 Rh5 0-1

[Event "Challenge"]
[Site "http://www.queenalice.com/game.php?id=77394"]
[Date "2006.6.17"]
[Round "-"]
[White "srotaner"]
[Black "lclassance"]
[Result "1-0"]
[WhiteElo "1356"]
[BlackElo "1590"]

1. e4 d5 2. d4 dxe4 3. Nc3 f5 4. Bc4 e6 5. Bf4 Bb4 6. Ne2 a6 7. d5 Nf6 8. dxe6
Qxd1+ 9. Rxd1 Nc6 10. O-O O-O 11. e7+ Rf7 12. Bxf7+ Kxf7 13. Rd8 Kxe7 14. Rd2 h6
15. Nd4 Nxd4 16. Rxd4 Bxc3 17. bxc3 c5 18. Rd2 Be6 19. Re1 Bxa2 20. f3 Bd5 21.
Red1 Rd8 22. c4 g5 23. Bxg5 hxg5 24. cxd5 Nxd5 25. Rxd5 Rxd5 26. Rxd5 e3 27.
Rxf5 Ke6 28. Rxg5 e2 29. Kf2 1-0

[Event "Challenge"]
[Site "http://www.queenalice.com/game.php?id=81162"]
[Date "2006.6.29"]
[Round "-"]
[White "lclassance"]
[Black "srotaner"]
[Result "1-0"]
[WhiteElo "1587"]
[BlackElo "1391"]

1. d4 e5 2. a3 d5 3. Nc3 Nf6 4. Bg5 exd4 5. Qxd4 Be7 6. O-O-O Nc6 7. Qa4 Bd7 8.
Qb5 Rb8 9. Nxd5 a6 10. Qc4 Nxd5 11. Bxe7 Ncxe7 12. e4 Nf6 13. e5 Nfd5 14. Nf3
Bb5 15. Qg4 Bxf1 16. Rhxf1 O-O 17. e6 Nc6 18. Rfe1 fxe6 19. Qxe6+ Rf7 20. Rxd5
Qf6 21. Ng5 Qxe6 22. Rxe6 Rxf2 23. Rd2 Rxd2 24. Kxd2 Rd8+ 25. Ke1 Nd4 26. Re7 h6
27. Nf7 Rf8 28. Ne5 Rf5 29. Re8+ Kh7 30. g4 Rg5 31. c3 Nb5 32. h3 Rg6 33. Nxg6
Kxg6 34. Kf2 Nd6 35. Re7 Nf7 36. Rxc7 Ng5 37. Kg3 1-0

[Event "Challenge"]
[Site "http://www.queenalice.com/game.php?id=81163"]
[Date "2006.6.29"]
[Round "-"]
[White "srotaner"]
[Black "lclassance"]
[Result "1-0"]
[WhiteElo "1344"]
[BlackElo "1587"]

1. e4 e5 2. Nf3 d6 3. d4 Nc6 4. d5 Nce7 5. Be3 a6 6. Nc3 h6 7. Bd3 Bg4 8. h3
Bxf3 9. Qxf3 Ng6 10. O-O-O Nh4 11. Qg4 c6 12. Bc4 h5 13. Qg3 Be7 14. dxc6 bxc6
15. Rd3 Bf6 16. Rhd1 Be7 17. Qxg7 Bf6 18. Qxf7# 1-0

[Event "Challenge"]
[Site "http://www.queenalice.com/game.php?id=81181"]
[Date "2006.6.30"]
[Round "-"]
[White "maclaugh"]
[Black "srotaner"]
[Result "1-0"]
[WhiteElo "1351"]
[BlackElo "1382"]

1. d4 d5 2. e3 Bf5 3. g4 Be4 4. f3 Bg6 5. h4 h5 6. g5 Nc6 7. c4 e6 8. c5 Nge7 9.
Nc3 Nb4 10. a3 Nc2+ 11. Kf2 Nxa1 12. Bd3 Bxd3 13. Qxd3 Nc6 14. b4 Nb3 15. Bb2 f6
16. f4 fxg5 17. hxg5 Be7 18. Nce2 Nbxd4 19. Nxd4 Nxd4 20. Bxd4 O-O 21. Rxh5 Rf5
22. Nf3 Qe8 23. Rh4 Qf7 24. Ne5 Qe8 25. e4 dxe4 26. Qxe4 b6 27. c6 Bd6 28. g6
Bxe5 29. Bxe5 Qxg6 30. Qh1 Raf8 31. Bxc7 R5f6 32. Be5 Rf5 33. c7 Rxe5 34. c8=Q
Rxc8 35. Rh8+ Kf7 36. Rxc8 Rf5 37. Qb7+ Kf6 38. Rf8+ 1-0

[Event "AUTO-OPEN-325"]
[Site "http://www.queenalice.com/game.php?id=86062"]
[Date "2006.7.15"]
[Round "1"]
[White "srotaner"]
[Black "Norfair"]
[Result "0-1"]
[WhiteElo "1408"]
[BlackElo "1699"]

1. e4 c5 2. Nf3 d6 3. Bc4 Nf6 4. d4 cxd4 5. Nxd4 e6 6. Bg5 Be7 7. Nc3 a6 8. Qf3
Nbd7 9. O-O-O Qa5 10. Rhe1 Qxg5+ 11. Rd2 Ne5 12. Qh3 Nxc4 0-1

[Event "AUTO-OPEN-325"]
[Site "http://www.queenalice.com/game.php?id=86063"]
[Date "2006.7.15"]
[Round "1"]
[White "Norfair"]
[Black "srotaner"]
[Result "1-0"]
[WhiteElo "1727"]
[BlackElo "1410"]

1. c4 e5 2. g3 d5 3. cxd5 Qxd5 4. Nf3 e4 5. Nc3 Qc6 6. Nd4 Qf6 7. Qc2 Bf5 8.
Nxf5 Qxf5 9. Qb3 Nd7 10. Qxb7 Rb8 11. Qxe4+ Qxe4 12. Nxe4 Ngf6 13. Nxf6+ gxf6
14. Bg2 Bc5 15. O-O O-O 16. d4 Bxd4 17. Rd1 c5 18. e3 1-0

[Event "AUTO-OPEN-325"]
[Site "http://www.queenalice.com/game.php?id=86064"]
[Date "2006.7.15"]
[Round "1"]
[White "srotaner"]
[Black "araujoime"]
[Result "0-1"]
[WhiteElo "1410"]
[BlackElo "1532"]

1. e4 e5 2. Nf3 f6 3. Nc3 Nc6 4. Bc4 Nge7 5. d4 exd4 6. Nxd4 g5 7. Nf5 Nxf5 8.
exf5 Qe7+ 9. Qe2 Qxe2+ 10. Nxe2 d6 11. Be3 Bxf5 12. O-O-O O-O-O 13. Nd4 Nxd4 14.
Bxd4 b6 15. Bxf6 Rg8 16. Bxd8 Kxd8 17. Bxg8 h6 18. Rd2 Be7 19. Re1 Bg6 20. Rde2
Bf8 21. Re8+ Bxe8 22. Re6 h5 23. Rf6 Be7 24. Rf5 Bd7 25. Rf3 g4 26. Ra3 a5 27.
b4 Bg5+ 28. Kb1 axb4 29. Ra4 c5 30. Ra6 Kc7 31. f3 gxf3 32. gxf3 Bc8 33. Ra8 Bb7
34. Ra7 Kb8 35. Ra4 Bxf3 36. a3 bxa3 37. Rxa3 Bc6 38. Rd3 Bf4 39. Bd5 Bxd5 40.
Rxd5 h4 41. Rh5 Bxh2 42. Rxh4 Bg3 43. Rh3 Be5 44. c4 Kb7 45. Kc2 Kc6 46. Kd3 Kb7
47. Ke4 Kc6 48. Rd3 b5 49. cxb5+ Kxb5 50. Rd1 Kc6 51. Kf5 Kd7 52. Rd5 Bh2 0-1

[Event "AUTO-OPEN-325"]
[Site "http://www.queenalice.com/game.php?id=86065"]
[Date "2006.7.15"]
[Round "1"]
[White "araujoime"]
[Black "srotaner"]
[Result "0-1"]
[WhiteElo "1541"]
[BlackElo "1370"]

1. e4 e5 2. Nf3 Nc6 3. Bc4 d6 4. Ng5 Qxg5 5. O-O Bg4 6. Qe1 O-O-O 7. h3 Bxh3 8.
g3 f5 9. Qe3 Qxe3 10. fxe3 Nb4 11. Na3 Bxf1 12. Kxf1 fxe4 13. Bxg8 Rxg8 14. c3
Nd3 15. Nc2 d5 16. Nb4 Bxb4 17. cxb4 Nxb4 18. a3 Rgf8+ 19. Kg1 Rf3 20. Kh2 Nd3
21. b4 d4 22. exd4 Nxc1 23. Rxc1 Rxd4 24. Rd1 Rf2+ 25. Kh3 Rdxd2 26. Rxd2 Rxd2
27. g4 e3 28. Kg3 e2 29. Kf2 e1+=Q+ 30. Kxe1 Ra2 31. g5 h5 32. Kf1 h4 33. Kg1 e4
34. a4 e3 35. Kf1 h3 36. a5 h2 37. g6 h1=R# 0-1

[Event "AUTO-OPEN-325"]
[Site "http://www.queenalice.com/game.php?id=86066"]
[Date "2006.7.15"]
[Round "1"]
[White "srotaner"]
[Black "bruno_santiago"]
[Result "0-1"]
[WhiteElo "1381"]
[BlackElo "1713"]

1. e4 e5 2. Nf3 Nc6 3. Bb5 a6 4. Bc4 Nf6 5. Ng5 Bc5 6. Nxf7 Bxf2+ 7. Kxf2 Nxe4+
8. Ke1 Qh4+ 9. g3 Nxg3 10. Nxh8 Nxh1+ 11. Ke2 Nd4+ 12. Ke3 Qf4+ 13. Kd3 Nf2+ 14.
Kc3 Nxd1+ 0-1

[Event "AUTO-OPEN-325"]
[Site "http://www.queenalice.com/game.php?id=86067"]
[Date "2006.7.15"]
[Round "1"]
[White "bruno_santiago"]
[Black "srotaner"]
[Result "1-0"]
[WhiteElo "1705"]
[BlackElo "1364"]

1. Nf3 Nc6 2. g3 d5 3. Bg2 Bf5 4. O-O Qd7 5. Re1 O-O-O 6. a3 e5 7. d3 e4 8. dxe4
dxe4 9. Qxd7+ Rxd7 10. Ng5 Bc5 11. Nxe4 Re7 12. Nxc5 Bxc2 13. Nc3 Bd3 14. Nxd3
Nf6 15. Bxc6 bxc6 16. Bg5 Rhe8 17. Bxf6 gxf6 18. e4 f5 19. exf5 1-0

[Event "AUTO-ADV-205"]
[Site "http://www.queenalice.com/game.php?id=86221"]
[Date "2006.7.15"]
[Round "1"]
[White "jocachess"]
[Black "srotaner"]
[Result "1-0"]
[WhiteElo "1483"]
[BlackElo "1377"]

1. e4 e5 2. Nf3 Nc6 3. Bb5 Nf6 4. Nc3 d5 5. exd5 Nxd5 6. Nxe5 Qe7 7. d4 Bf5 8.
Nxd5 Qd6 9. c4 Qb4+ 10. Qd2 O-O-O 11. Qxb4 1-0

[Event "AUTO-ADV-205"]
[Site "http://www.queenalice.com/game.php?id=86222"]
[Date "2006.7.15"]
[Round "1"]
[White "srotaner"]
[Black "jocachess"]
[Result "1-0"]
[WhiteElo "1346"]
[BlackElo "1545"]

1. e4 e5 2. Nf3 d6 3. Nc3 Nf6 4. d4 exd4 5. Qxd4 Nc6 6. Qd3 Be7 7. Bf4 O-O 8. e5
dxe5 9. Nxe5 Qxd3 10. Bxd3 Nd4 11. O-O-O Bb4 12. a3 Bxc3 13. bxc3 Ne6 14. Be3
Ng4 15. Nxg4 Re8 16. Rhe1 b6 17. Bf5 Bb7 18. Bd4 Bxg2 19. Rg1 Nf4 20. Be3 Ne2+
21. Kb1 Nxg1 22. Rxg1 Bh3 23. Bd4 c5 24. Nf6+ Kh8 25. Nxe8 cxd4 26. Nc7 Bxf5 27.
Nxa8 g6 28. cxd4 Be4 29. Nc7 h5 30. d5 Kg8 31. d6 Bc6 32. Rd1 Kf8 33. d7 Bxd7
34. Rxd7 f5 35. c4 f4 36. Ne6+ Ke8 37. Rxa7 h4 38. Nxf4 g5 39. Nd5 g4 40. Nxb6
Kf8 41. c5 h3 42. c6 Ke8 43. c7 1-0

[Event "AUTO-ADV-205"]
[Site "http://www.queenalice.com/game.php?id=86237"]
[Date "2006.7.15"]
[Round "1"]
[White "fagner"]
[Black "srotaner"]
[Result "1-0"]
[WhiteElo "1420"]
[BlackElo "1399"]

1. d4 d5 2. c4 c6 3. e3 Bf5 4. Nc3 Nf6 5. Nf3 e6 6. b3 Bb4 7. Bd2 Qa5 8. Rc1
Bxc3 9. Bxc3 Qxa2 10. Ra1 Qc2 11. Qxc2 Bxc2 12. cxd5 Nxd5 13. Bd2 O-O 14. g3 Na6
15. Rc1 Bxb3 16. Bg2 Rad8 17. O-O Nab4 18. Ra1 a6 19. e4 Nf6 20. Bxb4 Rfe8 21.
e5 Nd5 22. Ba5 Rc8 23. Rfc1 Ne7 24. Nd2 Bd5 25. Ne4 Nf5 26. g4 Nxd4 27. Nd6 Nb3
28. Nxc8 Nxa1 29. Ne7+ Rxe7 30. Rxa1 Bxg2 31. Kxg2 f5 32. Rd1 fxg4 33. Rd8+ Kf7
34. Bb4 Re8 35. Rd7+ Kg8 36. Rxb7 Rd8 37. Rb6 Rd4 38. Rxa6 Rxb4 39. Rxc6 Kf7 40.
Rc7+ Kg6 41. h3 h5 42. hxg4 1-0

[Event "AUTO-ADV-205"]
[Site "http://www.queenalice.com/game.php?id=86238"]
[Date "2006.7.15"]
[Round "1"]
[White "srotaner"]
[Black "fagner"]
[Result "1-0"]
[WhiteElo "1393"]
[BlackElo "1380"]

1. e4 c6 2. Nf3 d5 3. Nc3 dxe4 4. Ng5 Nf6 5. Ngxe4 e6 6. Nxf6+ Qxf6 7. Bc4 b5 8.
Bb3 Qe5+ 9. Qe2 Qg5 10. O-O Nd7 11. d3 Qg6 12. Ne4 f5 13. Nc3 Bd6 14. Bxe6 Ne5
15. Bxc8 Rxc8 16. d4 O-O 17. dxe5 Bc5 18. e6 Rce8 19. Re1 Re7 20. Qe5 Bb4 21.
Be3 Rxe6 22. Qf4 Bd6 23. Qg5 Qf7 24. Bxa7 Rxe1+ 25. Rxe1 h6 26. Qe3 f4 27. Qe6
f3 28. Qxd6 fxg2 29. Bc5 Qxf2+ 30. Bxf2 1-0

[Event "AUTO-ADV-205"]
[Site "http://www.queenalice.com/game.php?id=86249"]
[Date "2006.7.15"]
[Round "1"]
[White "srotaner"]
[Black "marcosnatal"]
[Result "0-1"]
[WhiteElo "1355"]
[BlackElo "1528"]

1. e4 e5 2. Nf3 Nc6 3. Bb5 d6 4. d4 Bd7 5. Nc3 Nf6 6. Be3 Be7 7. O-O O-O 8. d5
Nb4 9. a3 Bxb5 10. Nxb5 Na6 11. Qd2 b6 12. g3 Nxe4 13. Qd3 Nf6 14. Qc4 Qd7 15.
Rad1 Rac8 16. Nxa7 b5 17. Nxb5 c6 18. dxc6 Rxc6 19. Qe2 Nc7 20. Nxc7 Qxc7 21.
Rc1 Re8 22. Ng5 Nd5 23. Rcd1 Nxe3 24. Qxe3 Rxc2 25. b4 Bxg5 26. Qxg5 Ra2 27. Rc1
Qb6 28. Rc4 Rxa3 29. Rg4 g6 30. Rd1 Rb3 31. Qf6 Rxb4 32. Rxd6 Rb1+ 33. Kg2 Qb7+
34. Re4 Rb4 35. Rd7 Qxe4+ 36. Kh3 Qf5+ 0-1

[Event "AUTO-ADV-205"]
[Site "http://www.queenalice.com/game.php?id=86250"]
[Date "2006.7.15"]
[Round "1"]
[White "marcosnatal"]
[Black "srotaner"]
[Result "1-0"]
[WhiteElo "1444"]
[BlackElo "1361"]

1. d4 d5 2. c4 Bf5 3. Nc3 Nf6 4. Nf3 Nc6 5. Bg5 h6 6. Bh4 Nb4 7. Rc1 e6 8. Bxf6
Qxf6 9. e3 O-O-O 10. Be2 Qg6 11. Nh4 Qg5 12. Nxf5 exf5 13. Bf3 dxc4 14. Qa4 Nd3+
15. Ke2 Nxc1+ 16. Rxc1 Re8 17. Qxe8+ Qd8 18. Qxd8+ Kxd8 19. Bxb7 Bd6 20. Nd5 Re8
21. h3 Kd7 22. Rxc4 Ke6 23. Nxc7+ 1-0

[Event "Challenge"]
[Site "http://www.queenalice.com/game.php?id=86521"]
[Date "2006.7.16"]
[Round "-"]
[White "srotaner"]
[Black "Electric_Lettuce"]
[Result "0-1"]
[WhiteElo "1348"]
[BlackElo "1558"]

1. e4 e5 2. Nf3 Nc6 3. Bb5 a6 4. Bxc6 dxc6 5. d4 exd4 6. Qxd4 Qxd4 7. Nxd4 Bd7
8. Bf4 O-O-O 9. Nc3 c5 10. Nf5 Bxf5 11. exf5 Re8+ 12. Ne2 Bd6 13. Bxd6 cxd6 14.
Rd1 Kc7 15. O-O Rxe2 16. Rfe1 Rxc2 17. Rb1 Nf6 18. Re7+ Kc6 19. Rxf7 Re8 20. g3
Ree2 21. Rxg7 Rxf2 22. Rf7 Ng4 23. Rf1 Rg2+ 24. Kh1 Nf2+ 25. Rxf2 Rcxf2 26. Rxh7
Rxb2 27. f6 Rgd2 0-1